<?xml version="1.0" encoding="UTF-8"?>
<record
    xmlns:xsi="http://www.w3.org/2001/XMLSchema-instance"
    xsi:schemaLocation="http://www.loc.gov/MARC21/slim http://www.loc.gov/standards/marcxml/schema/MARC21slim.xsd"
    xmlns="http://www.loc.gov/MARC21/slim">

  <leader>00510    a2200169   4500</leader>
  <controlfield tag="005">20250404111719.0</controlfield>
  <datafield tag="020" ind1=" " ind2=" ">
    <subfield code="a">0-07-232058-3</subfield>
  </datafield>
  <datafield tag="082" ind1=" " ind2=" ">
    <subfield code="a">519.502  BOW</subfield>
  </datafield>
  <datafield tag="100" ind1=" " ind2=" ">
    <subfield code="a">BOWERMAN,  B.L.</subfield>
  </datafield>
  <datafield tag="245" ind1=" " ind2=" ">
    <subfield code="a">Business Statistics in  Practice.</subfield>
  </datafield>
  <datafield tag="250" ind1=" " ind2=" ">
    <subfield code="a">2nd Ed.</subfield>
  </datafield>
  <datafield tag="260" ind1=" " ind2=" ">
    <subfield code="a">New York,</subfield>
    <subfield code="b">Mcgraw-Hill Irwin</subfield>
    <subfield code="c">2001.</subfield>
  </datafield>
  <datafield tag="300" ind1=" " ind2=" ">
    <subfield code="a">xxiii,856p.: Ill.; figures, &amp;  tables.</subfield>
    <subfield code="b">Index.</subfield>
    <subfield code="c">28cm.</subfield>
  </datafield>
  <datafield tag="700" ind1=" " ind2=" ">
    <subfield code="a">O'CONNELL, R.T. &amp; HAND, M.L.</subfield>
  </datafield>
  <datafield tag="856" ind1=" " ind2=" ">
    <subfield code="y">Access Online Book </subfield>
    <subfield code="f">Business statistics</subfield>
    <subfield code="d">www.mhhe.com</subfield>
  </datafield>
  <datafield tag="942" ind1=" " ind2=" ">
    <subfield code="2">ddc</subfield>
    <subfield code="c">BKS</subfield>
  </datafield>
  <datafield tag="999" ind1=" " ind2=" ">
    <subfield code="c">1145</subfield>
    <subfield code="d">1145</subfield>
  </datafield>
  <datafield tag="952" ind1=" " ind2=" ">
    <subfield code="r">2025-04-04 11:19:51</subfield>
    <subfield code="l">0</subfield>
    <subfield code="o">519.502 BOW</subfield>
    <subfield code="p">0000004564</subfield>
    <subfield code="v">30000.00</subfield>
    <subfield code="w">2025-04-04</subfield>
    <subfield code="y">BKS</subfield>
    <subfield code="1">0</subfield>
    <subfield code="2">ddc</subfield>
    <subfield code="4">0</subfield>
    <subfield code="7">0</subfield>
    <subfield code="0">0</subfield>
    <subfield code="a">CBEML</subfield>
    <subfield code="b">CBEML</subfield>
    <subfield code="c">GEN</subfield>
    <subfield code="d">2005-02-25</subfield>
    <subfield code="g">10000.00</subfield>
  </datafield>
  <datafield tag="952" ind1=" " ind2=" ">
    <subfield code="r">2025-04-04 11:19:51</subfield>
    <subfield code="l">0</subfield>
    <subfield code="o">519.502 BOW</subfield>
    <subfield code="p">0000004565</subfield>
    <subfield code="v">30000.00</subfield>
    <subfield code="w">2025-04-04</subfield>
    <subfield code="y">BKS</subfield>
    <subfield code="1">0</subfield>
    <subfield code="2">ddc</subfield>
    <subfield code="4">0</subfield>
    <subfield code="7">0</subfield>
    <subfield code="0">0</subfield>
    <subfield code="a">CBEML</subfield>
    <subfield code="b">CBEML</subfield>
    <subfield code="c">GEN</subfield>
    <subfield code="d">2025-04-04</subfield>
    <subfield code="g">10000.00</subfield>
  </datafield>
  <datafield tag="952" ind1=" " ind2=" ">
    <subfield code="r">2025-04-04 11:19:51</subfield>
    <subfield code="l">0</subfield>
    <subfield code="o">519.502 BOW</subfield>
    <subfield code="p">0000004566</subfield>
    <subfield code="v">30000.00</subfield>
    <subfield code="w">2025-04-04</subfield>
    <subfield code="y">BKS</subfield>
    <subfield code="1">0</subfield>
    <subfield code="2">ddc</subfield>
    <subfield code="4">0</subfield>
    <subfield code="7">0</subfield>
    <subfield code="0">0</subfield>
    <subfield code="a">CBEML</subfield>
    <subfield code="b">CBEML</subfield>
    <subfield code="c">GEN</subfield>
    <subfield code="d">2005-02-25</subfield>
    <subfield code="g">10000.00</subfield>
  </datafield>
  <datafield tag="952" ind1=" " ind2=" ">
    <subfield code="r">2025-04-04 11:19:51</subfield>
    <subfield code="l">0</subfield>
    <subfield code="o">519.502 BOW</subfield>
    <subfield code="p">0000004567</subfield>
    <subfield code="v">30000.00</subfield>
    <subfield code="w">2025-04-04</subfield>
    <subfield code="y">BKS</subfield>
    <subfield code="1">0</subfield>
    <subfield code="2">ddc</subfield>
    <subfield code="4">0</subfield>
    <subfield code="7">0</subfield>
    <subfield code="0">0</subfield>
    <subfield code="a">CBEML</subfield>
    <subfield code="b">CBEML</subfield>
    <subfield code="c">GEN</subfield>
    <subfield code="d">2025-04-04</subfield>
    <subfield code="g">10000.00</subfield>
  </datafield>
  <datafield tag="952" ind1=" " ind2=" ">
    <subfield code="r">2025-04-04 11:19:51</subfield>
    <subfield code="l">0</subfield>
    <subfield code="o">519.502 BOW</subfield>
    <subfield code="p">0000004568</subfield>
    <subfield code="v">30000.00</subfield>
    <subfield code="w">2025-04-04</subfield>
    <subfield code="y">BKS</subfield>
    <subfield code="1">0</subfield>
    <subfield code="2">ddc</subfield>
    <subfield code="4">0</subfield>
    <subfield code="7">0</subfield>
    <subfield code="0">0</subfield>
    <subfield code="a">CBEML</subfield>
    <subfield code="b">CBEML</subfield>
    <subfield code="c">GEN</subfield>
    <subfield code="d">2025-04-04</subfield>
    <subfield code="g">10000.00</subfield>
  </datafield>
  <datafield tag="952" ind1=" " ind2=" ">
    <subfield code="r">2025-04-04 11:19:51</subfield>
    <subfield code="l">0</subfield>
    <subfield code="o">519.502 BOW</subfield>
    <subfield code="p">0000004569</subfield>
    <subfield code="v">30000.00</subfield>
    <subfield code="w">2025-04-04</subfield>
    <subfield code="y">BKS</subfield>
    <subfield code="1">0</subfield>
    <subfield code="2">ddc</subfield>
    <subfield code="4">0</subfield>
    <subfield code="7">0</subfield>
    <subfield code="0">0</subfield>
    <subfield code="a">CBEML</subfield>
    <subfield code="b">CBEML</subfield>
    <subfield code="c">GEN</subfield>
    <subfield code="d">2025-04-04</subfield>
    <subfield code="g">10000.00</subfield>
  </datafield>
  <datafield tag="952" ind1=" " ind2=" ">
    <subfield code="r">2025-04-04 11:19:51</subfield>
    <subfield code="l">0</subfield>
    <subfield code="o">519.502 BOW</subfield>
    <subfield code="p">0000004570</subfield>
    <subfield code="v">30000.00</subfield>
    <subfield code="w">2025-04-04</subfield>
    <subfield code="y">BKS</subfield>
    <subfield code="1">0</subfield>
    <subfield code="2">ddc</subfield>
    <subfield code="4">0</subfield>
    <subfield code="7">0</subfield>
    <subfield code="0">0</subfield>
    <subfield code="a">CBEML</subfield>
    <subfield code="b">CBEML</subfield>
    <subfield code="c">GEN</subfield>
    <subfield code="d">2025-04-04</subfield>
    <subfield code="g">10000.00</subfield>
  </datafield>
  <datafield tag="952" ind1=" " ind2=" ">
    <subfield code="r">2025-04-04 11:19:51</subfield>
    <subfield code="l">0</subfield>
    <subfield code="o">519.502 BOW</subfield>
    <subfield code="p">0000004571</subfield>
    <subfield code="v">30000.00</subfield>
    <subfield code="w">2025-04-04</subfield>
    <subfield code="y">BKS</subfield>
    <subfield code="1">0</subfield>
    <subfield code="2">ddc</subfield>
    <subfield code="4">0</subfield>
    <subfield code="7">0</subfield>
    <subfield code="0">0</subfield>
    <subfield code="a">CBEML</subfield>
    <subfield code="b">CBEML</subfield>
    <subfield code="c">GEN</subfield>
    <subfield code="d">2025-04-04</subfield>
    <subfield code="g">10000.00</subfield>
  </datafield>
  <datafield tag="952" ind1=" " ind2=" ">
    <subfield code="r">2025-04-04 11:19:51</subfield>
    <subfield code="l">0</subfield>
    <subfield code="o">519.502 BOW</subfield>
    <subfield code="p">0000004572</subfield>
    <subfield code="v">30000.00</subfield>
    <subfield code="w">2025-04-04</subfield>
    <subfield code="y">BKS</subfield>
    <subfield code="1">0</subfield>
    <subfield code="2">ddc</subfield>
    <subfield code="4">0</subfield>
    <subfield code="7">0</subfield>
    <subfield code="0">0</subfield>
    <subfield code="a">CBEML</subfield>
    <subfield code="b">CBEML</subfield>
    <subfield code="c">GEN</subfield>
    <subfield code="d">2025-04-04</subfield>
    <subfield code="g">10000.00</subfield>
  </datafield>
</record>
